Sík Sándor szerzői estje [rövid hír]
Elmentve itt :
| Dokumentumtípus: | Cikk |
|---|---|
| Megjelent: |
1930-05-07
|
| Sorozat: | Délmagyarország
6 No. 101 |
| Kulcsszavak: | Sík Sándor, Irodalmi élet Szeged 1930 |
| Online Access: | http://dmarchiv.bibl.u-szeged.hu/31927 |
| LEADER | 00440nab a2200145 i 4500 | ||
|---|---|---|---|
| 001 | delm31927 | ||
| 005 | 20180927103425.0 | ||
| 008 | 180927s1930 hu o 0|| hun d | ||
| 040 | |a SZTE Délmagyarország Archívum |b hun | ||
| 041 | |a hun | ||
| 245 | 0 | 0 | |a Sík Sándor szerzői estje |h [elektronikus dokumentum] : |b [rövid hír] |
| 260 | |c 1930-05-07 | ||
| 300 | |a 6 | ||
| 490 | 0 | |a Délmagyarország |v 6 No. 101 | |
| 695 | |a Sík Sándor, Irodalmi élet Szeged 1930 | ||